banner-ar

المؤسسة التعليمية و دورها فى اعداد القائد الصغير / (Record no. 63568)

MARC details
000 -الفاتح
حقل البيانات ثابتة الطول 01156nam a22002777a 4500
005 - وقت وتاريخ اخر تعامل مع التسجيلة
رقم الضبط 20240530110648.0
008 - عناصر البيانات ثابتة الطول - معلومات عامة
حقل البيانات ثابتة الطول 171102s2015 ua h g b 000 0 ara d
017 ## - رقم الايداع القانونى
رقم الايداع القانونى 2015/1668
المصدر ( الهيئة المختصة) مصر. دار الكتب
020 ## - الرقم الدولى المعيارى للكتب
الرقم الدولى المعيارى للكتاب 9789777220743
040 ## - مصدر الفهرسة
وكالة الفهرسة الأصلية EG-CaGPL
وكالة النسخ EG-CaGPL
082 04 - رقم تصنيف ديوى العشرى
رقم الطبعة 21
رقم التصنيف 370.15 /
رقم المادة م ق
100 0# - المدخل الرئيسى - إسم شخصى
الإسم الشخصى عبدالعظيم صبرى عبدالعظيم
245 12 - بيان العنوان
العنوان المؤسسة التعليمية و دورها فى اعداد القائد الصغير /
بيان المسئوليه,etc عبدالعظيم صبرى عبدالعظيم ، حمدى احمد محمود
250 ## - بيان الطبعة
بيان الطبعة ط. 1
260 ## - PUBLICATION, DISTRIBUTION, ETC. (IMPRINT)
تاريخ النشر أو التوزيع 2015.
300 ## - الوصف المادى
التعداد 189 ص. :
تفاصيل ماديه اخرى للوعاء صور ؛
أبعاد الوعاء 24 سم.
490 0# - بيان السلسلة
عنوان السلسلة سلسلة قائد المستقبل ؛
رقم المجلد/ التعيين التسلسلي 2
504 ## - تبصرة ببليوجرافية
تبصرة ببليوجرافية,الخ يشتمل على ارجاعات ببليوجرافية
650 07 - المدخل الاضافى بالموضوع-مصطلح موضوعى
مصدر الرأس أو المصطلح qrmak
مصطلح موضوعي التعليم
التقسيم الفرعي العام مؤسسات
650 07 - المدخل الاضافى بالموضوع-مصطلح موضوعى
مصدر الرأس أو المصطلح qrmak
مصطلح موضوعي تعليم الاطفال
650 07 - المدخل الاضافى بالموضوع-مصطلح موضوعى
مصدر الرأس أو المصطلح qrmak
مصطلح موضوعي القيادة
651 ## - المدخل الاضافى بالموضوع - اسم جغرافى
مصدر الرأس أو المصطلح qrmak
700 0# - المدخل الاضافى - اسم شخصى
الإسم الشخصى حمدى احمد محمود
الدور مؤلف مشارك
942 ## - عناصر المدخل الإضافي( كوها)
مصدر التصنيف او مخطط الترفيف Dewey Decimal Classification
Koha [default] item type كتاب
260 ## - PUBLICATION, DISTRIBUTION, ETC. (IMPRINT)
-- القاهرة :
-- المجموعة العربية للتدريب و النشر ،
Holdings
حالة التراجع حالة الفقد حالة تلف ليس للاعارة المكان المؤقت الموقع الحالى موقع الترفيف تاريخ الاكتساب اجمالي اﻻعارات رقم الطلب الباركود تاريخ اخر مشاهدة تاريخ تفعيل السعر نوع وعاء كوها تبصرة عامة
        مكتبة القاهرة الكبرى مكتبة القاهرة الكبرى القاعة الرئيسية 11/20/2017   370.15 / م ق 163663 11/20/2017 11/20/2017 كتاب الهجاء على اساس اول حرف من الناشر واول حرف من السلسلة

Powered By

EGPV